Dva světy pod jednou střechou

Využitie informačnej technológie v poisťovníctve. Množstvo produktov poisťovní a ich spracovávanie informačnou technológiou. Vývoj týchto dvoch rozdielnych odborov a zároveň ich súvislosti. Budúcnosť poisťovníctva.

Uložené v:
Podrobná bibliografia
Hlavný autor: Dohnálek, Tomáš
Médium: Kapitola
Jazyk:Czech
Predmet:
Tagy: Pridať tag
Žiadne tagy, Buďte prvý, kto otaguje tento záznam!

MARC

LEADER 00000naa$a2200000$$$4500
001 0068838
005 20231010094617.4
041 0 |a cze 
044 |a CZ 
245 1 0 |a Dva světy pod jednou střechou  |c Tomáš Dohnálek 
520 |a Využitie informačnej technológie v poisťovníctve. Množstvo produktov poisťovní a ich spracovávanie informačnou technológiou. Vývoj týchto dvoch rozdielnych odborov a zároveň ich súvislosti. Budúcnosť poisťovníctva. 
610 2 0 |a technológie informačné 
610 2 0 |a služby finančné 
610 2 0 |a informácie 
610 2 0 |a poisťovne 
100 1 |a Dohnálek, Tomáš